Capital Cities of Different Things #1 - Statistics

General Stats
  • This quiz has been taken 642 times
  • The average score is 16 of 21
Answer Stats
# Capital % Correct
Brazil Brasilia
97%
Chile Santiago
93%
Scotland Edinburgh
92%
Afghanistan Kabul
90%
Texas Austin
89%
European Union Brussels
88%
Western Australia Perth
87%
California Sacramento
87%
Bavaria Munich
85%
New York State Albany
78%
Somalia Mogadishu
78%
Yugoslavia Belgrade
77%
Armenia Yerevan
75%
Sicily Palermo
73%
Commonwealth of Nations London
70%
Greenland Nuuk
70%
Alberta Edmonton
66%
Tibet Lhasa
63%
Provence-Alpes-Côte d'Azur Marseille
61%
French State (WWII) Vichy
57%
Crimea Simferopol
18%
No matching quizzes found
Score Distribution
Percent of People with Each Score
Percentile by Number Answered
Your Score History
You have not taken this quiz